Normal view
MARC view
- Muhammad Adnan, Lieutenant General Syed
Entry Personal Name
001 - CONTROL NUMBER
- control field: 99443
003 - CONTROL NUMBER IDENTIFIER
- control field: NUST
005 - DATE AND TIME OF LATEST TRANSACTION
- control field: 20221007100848.0
008 - FIXED-LENGTH DATA ELEMENTS
- fixed length control field: 221007|| aca||aabn | a|a d
040 ## - CATALOGING SOURCE
- Original cataloging agency: NUST
- Transcribing agency: NUST
100 ## - HEADING--PERSONAL NAME
- Personal name: Muhammad Adnan, Lieutenant General Syed
670 ## - SOURCE DATA FOUND
- Source citation: Work cat.: (NUST): Muhammad Adnan, Lieutenant General Syed, Black Magic with Long Range Precision Rafel: , 2021
